The mission of islam / (Record no. 124581)
[ view plain ]
| 000 -LEADER | |
|---|---|
| fixed length control field | 00705nam a22002297a 4500 |
| 005 - DATE AND TIME OF LATEST TRANSACTION | |
| control field | 20170124105941.0 |
| 010 ## - LIBRARY OF CONGRESS CONTROL NUMBER | |
| LC control number | 839017 |
| 020 ## - INTERNATIONAL STANDARD BOOK NUMBER | |
| Terms of availability | 45.00 |
| International Standard Book Number | 0706904796 |
| 035 ## - SYSTEM CONTROL NUMBER | |
| System control number | 839017 |
| 037 ## - SOURCE OF ACQUISITION | |
| Source of stock number/acquisition | Cen Lib/Ret |
| 040 ## - CATALOGING SOURCE | |
| Original cataloging agency | DPL |
| Language of cataloging | EN |
| 082 ## - DEWEY DECIMAL CLASSIFICATION NUMBER | |
| Classification number | 270 |
| Item number | MOH |
| 100 ## - MAIN ENTRY--PERSONAL NAME | |
| Personal name | Mohammad Iqbal, Sheikh |
| 9 (RLIN) | 11239 |
| 245 ## - TITLE STATEMENT | |
| Title | The mission of islam / |
| Statement of responsibility, etc | by Sheikh Mohammad iqbal |
| 260 ## - PUBLICATION, DISTRIBUTION, ETC. (IMPRINT) | |
| Name of publisher, distributor, etc | Vikas Publishing House |
| Date of publication, distribution, etc | 1977 |
| Place of publication, distribution, etc | New Delhi |
| 270 ## - ADDRESS | |
| Address | 5, ansari road, dariya ganj |
| City | New Delhi |
| Postal code | 110002 |
| 300 ## - PHYSICAL DESCRIPTION | |
| Extent | viii, 234p. |
| Dimensions | 21cm(Hb) |
| 500 ## - GENERAL NOTE | |
| General note | Includes bibliographical references and index |
| 650 ## - SUBJECT ADDED ENTRY--TOPICAL TERM | |
| Topical term or geographic name as entry element | Islam |
| 9 (RLIN) | 5289 |
| 650 ## - SUBJECT ADDED ENTRY--TOPICAL TERM | |
| Topical term or geographic name as entry element | Historical aspects |
| 9 (RLIN) | 11240 |
| 942 ## - ADDED ENTRY ELEMENTS (KOHA) | |
| Source of classification or shelving scheme | Dewey Decimal Classification |
| Koha item type | English Books |
| Classification part | 270 |
| Call number suffix | MOH |
| Withdrawn status | Lost status | Damaged status | Not for loan | Home library | Current library | Date acquired | Source of acquisition | Cost, normal purchase price | Total Checkouts | Full call number | Barcode | Date last seen | Copy number | Cost, replacement price | Price effective from | Koha item type | Public note |
|---|---|---|---|---|---|---|---|---|---|---|---|---|---|---|---|---|---|
| Written off | Central Library | Central Library | 17/06/2015 | Cen Lib/Ret | 45.00 | 270 MOH | 839017 | 17/06/2015 | 1 | 45.00 | 17/06/2015 | English Books | W/d List No. 6894/12 ; dtd 17/10/2020 |
